Attitude towards physics and cognitive preference styles among different groups (Record no. 10918)

MARC details
000 -LEADER
fixed length control field 00503nam a2200169Ia 4500
082 ## - DEWEY DECIMAL CLASSIFICATION NUMBER
Classification number TS.0495
100 ## - MAIN ENTRY--AUTHOR NAME
Personal name Saxena, Anil Kumar
245 #0 - TITLE STATEMENT
Title Attitude towards physics and cognitive preference styles among different groups
260 ## - PUBLICATION, DISTRIBUTION, ETC. (IMPRINT)
Year of publication 1984
Name of publisher University of Rajasthan
300 ## - PHYSICAL DESCRIPTION
Number of Pages 206p.
650 ## - SUBJECT ADDED ENTRY--TOPICAL TERM
Topical Term COGNITIVE LEARNING
650 ## - SUBJECT ADDED ENTRY--TOPICAL TERM
Topical Term SCIENCE - STUDY AND TEACHING
650 ## - SUBJECT ADDED ENTRY--TOPICAL TERM
Topical Term PHYSICS - STUDY AND TEACHING
650 ## - SUBJECT ADDED ENTRY--TOPICAL TERM
Topical Term STUDENTS - ATTITUDES - RAJASTHAN
710 ## - ADDED ENTRY--CORPORATE NAME
Corporate name or jurisdiction name as entry element Sood, J.K.
942 ## - ADDED ENTRY ELEMENTS (KOHA)
Koha item type Thesis
Source of classification or shelving scheme Dewey Decimal Classification
Holdings
Withdrawn status Lost status Damaged status Not for loan Home library Current library Date acquired Bill Date Full call number Accession Number Price effective from Koha item type
        NASSDOC Library NASSDOC Library 08/10/2004 2004-10-22 TS.0495 22575 18/04/2019 Thesis